Science and technology -7 (Record no. 4587)
[ view plain ]
| 000 -LEADER | |
|---|---|
| fixed length control field | 00230nam a22000857a 4500 |
| 008 - FIXED-LENGTH DATA ELEMENTS--GENERAL INFORMATION | |
| fixed length control field | 161206b xxu||||| |||| 00| 0 eng d |
| 100 ## - MAIN ENTRY--PERSONAL NAME | |
| 9 (RLIN) | 1841 |
| Personal name | Gupta. k. k |
| 245 ## - TITLE STATEMENT | |
| Title | Science and technology -7 |
| 260 ## - PUBLICATION, DISTRIBUTION, ETC. (IMPRINT) | |
| Place of publication, distribution, etc. | New delhi |
| Name of publisher, distributor, etc. | Frank brothers |
| Date of publication, distribution, etc. | 2006 |
No items available.